BUBT Library Online Catalog

Environmental science. (Record no. 637)

000 -LEADER
fixed length control field 00807nam a22002777a 4500
008 - FIXED-LENGTH DATA ELEMENTS--GENERAL INFORMATION
fixed length control field 130827b xxu||||| |||| 00| 0 eng d
020 ## - INTERNATIONAL STANDARD BOOK NUMBER
International Standard Book Number 0-13-835331-x
024 ## - OTHER STANDARD IDENTIFIER
Terms of availability Available
037 ## - SOURCE OF ACQUISITION
Terms of availability Available
040 ## - CATALOGING SOURCE
Original cataloging agency MBSTU LIBRARY
Modifying agency MBSTU LIBRARY
082 ## - DEWEY DECIMAL CLASSIFICATION NUMBER
Edition number 22
Classification number 363.7 NEE
100 ## - MAIN ENTRY--PERSONAL NAME
Personal name Nebel, Bernard J.
110 ## - MAIN ENTRY--CORPORATE NAME
Corporate name or jurisdiction name as entry element Richard T Wright.
245 ## - TITLE STATEMENT
Title Environmental science.
250 ## - EDITION STATEMENT
Edition statement 6th
260 ## - PUBLICATION, DISTRIBUTION, ETC. (IMPRINT)
Place of publication, distribution, etc. New Jersey.
Name of publisher, distributor, etc. Prentice Hall
Date of publication, distribution, etc. 1998
300 ## - PHYSICAL DESCRIPTION
Extent 28 cm.
Other physical details 698 page
Type of unit 1
Size of unit 28 cm.
600 ## - SUBJECT ADDED ENTRY--PERSONAL NAME
Source of heading or term Environmental problems.
650 ## - SUBJECT ADDED ENTRY--TOPICAL TERM
Source of heading or term Environmental problems.
700 ## - ADDED ENTRY--PERSONAL NAME
Personal name Nebel, Bernard J.
710 ## - ADDED ENTRY--CORPORATE NAME
Corporate name or jurisdiction name as entry element Richard T Wright.
270 ## - ADDRESS
Address New Jersey
City New Jersey.
Country USA
365 ## - TRADE PRICE
Price amount 695.00
Unit of pricing 695.00
942 ## - ADDED ENTRY ELEMENTS (KOHA)
Source of classification or shelving scheme
Koha item type Books

No items available.

More Information About Library

Library Hours

  • Open: 9.00 am. to 9.00 pm.
  • Only Sunday: 9.00 am. to 6.00 pm.
  • Closed: Holiday

Contact to the University

Bangladesh University of Business and Technology Library

  • Mirpurl-2, 1216.
  • Phone:
  • Fax:
  • E-Mail: admin.library@bubt.edu.bd

Contact to the Library

Contact Person:

Md. Abdul Hakim Shah
Joint Librarian
PABX No:  113
Cell No: 01816332931
E-mail: official: admin.library@bubt.edu.bd
Personal: hakim.shah@bubt.edu.bd


BUBT Library

Copyright © 2021